Občan nehľadí iba na stranícke logo

Boj o moc na lokálnej úrovni sa v porovnaní s národnou úrovňou riadi odlišnými zákonitosťami. V európskych komunálnych voľbách sa dobre uplatňujú i nezávislí kandidáti. Odlišnosti a podobnosti volieb v jednotlivých európskych krajinách. Politické strany verzus nezávislí kandidáti. Porovnanie niektor...

ver descrição completa

Na minha lista:
Detalhes bibliográficos
Autor principal: Klimovský, Daniel
Formato: Capítulo de Livro
Idioma:eslovaco
Assuntos:
Tags: Adicionar Tag
Sem tags, seja o primeiro a adicionar uma tag!

MARC

LEADER 00000naa$a2200000$$$4500
001 0111174
005 20231016090218.6
041 0 |a slo 
044 |a SK 
245 1 0 |a Občan nehľadí iba na stranícke logo  |c Daniel Klimovský 
520 |a Boj o moc na lokálnej úrovni sa v porovnaní s národnou úrovňou riadi odlišnými zákonitosťami. V európskych komunálnych voľbách sa dobre uplatňujú i nezávislí kandidáti. Odlišnosti a podobnosti volieb v jednotlivých európskych krajinách. Politické strany verzus nezávislí kandidáti. Porovnanie niektorých európskych krajín. Situácia na Slovensku. 
610 2 0 |a voľby 
610 2 0 |a strany politické 
610 2 0 |a Európa 
100 1 |a Klimovský, Daniel